Existence and boundary stabilization of the semilinear Mindlin- Timoshenko system

Elmentve itt :
Bibliográfiai részletek
Szerzők: Araruna F. D.
Borges J. E. S.
Dokumentumtípus: Folyóirat
Megjelent: 2008
Sorozat:Electronic journal of qualitative theory of differential equations
Kulcsszavak:Differenciálegyenlet - parciális
Online Access:http://acta.bibl.u-szeged.hu/42146
LEADER 00726nas a2200193 i 4500
001 acta42146
005 20260224081030.0
008 170502s2008 hu o 000 eng d
022 |a 1417-3875 
040 |a SZTE Egyetemi Kiadványok Repozitórium  |b hun 
041 |a eng 
100 1 |a Araruna F. D. 
245 1 0 |a Existence and boundary stabilization of the semilinear Mindlin- Timoshenko system  |h [elektronikus dokumentum] /  |c  Araruna F. D. 
260 |c 2008 
300 |a 1-27 
490 0 |a Electronic journal of qualitative theory of differential equations 
695 |a Differenciálegyenlet - parciális 
700 0 1 |a Borges J. E. S.  |e aut 
856 4 0 |u http://acta.bibl.u-szeged.hu/42146/1/ejqtde_2008_034_001-027.pdf  |z Dokumentum-elérés